[Event "Vancouver op"]
[Site "Chess.com INT"]
[Date "2020.07.26"]
[Round "?"]
[White "Singh, Hersh"]
[Black "Tien, Sophie"]
[Result "1-0"]
[WhiteElo "2129"]
[BlackElo "1916"]
[PlyCount "89"]
[EventDate "2020.07.25"]
[EventType "swiss"]
[EventRounds "5"]
[EventCountry "USA"]
[SourceTitle "EXT 2023"]
[Source "ChessBase"]
[SourceDate "2022.10.05"]
[SourceVersion "1"]
[SourceVersionDate "2022.10.05"]
[SourceQuality "1"]

1. d4 d5 2. c4 e6 3. Nf3 Nf6 4. g3 Nbd7 5. Bg2 c6 6. 0-0 Bd6 7. Nfd2 0-0 8. Nc3 Re8 9. e4 dxe4 10. Ndxe4 Bc7 11. Re1 h6 12. b3 Nxe4 13. Nxe4 Nf6 14. Bb2 e5 15. dxe5 Qxd1 16. Raxd1 Nxe4 17. Bxe4 Be6 18. f4 Rad8 19. Bf3 Rxd1 20. Rxd1 Rd8 21. Rxd8+ Bxd8 22. Bd4 a6 23. Kf2 f5 24. exf6 Bxf6 25. Ke3 Kf7 26. Bxf6 gxf6 27. Kd4 Ke7 28. Kc5 Kd7 29. Kb6 Kc8 30. Be4 Kb8 31. Bd3 Kc8 32. a4 Bd7 33. Be2 Be6 34. g4 Kb8 35. h4 Kc8 36. g5 hxg5 37. fxg5 fxg5 38. hxg5 Bf5 39. Bh5 Be6 40. g6 Bg8 41. g7 Kb8 42. Bg4 Bf7 43. Bf5 Bg8 44. a5 c5 45. Be4 1-0

[Event "Vancouver op"]
[Site "Chess.com INT"]
[Date "2020.07.25"]
[Round "?"]
[White "Tien, Sophie"]
[Black "Devaraju, Sonia"]
[Result "1-0"]
[WhiteElo "1916"]
[BlackElo "1543"]
[PlyCount "57"]
[EventDate "2020.07.25"]
[EventType "swiss"]
[EventRounds "5"]
[EventCountry "USA"]
[SourceTitle "EXT 2023"]
[Source "ChessBase"]
[SourceDate "2022.10.05"]
[SourceVersion "1"]
[SourceVersionDate "2022.10.05"]
[SourceQuality "1"]

1. e4 e5 2. Nf3 Nc6 3. Bc4 Be7 4. d4 exd4 5. Nxd4 d6 6. 0-0 Nf6 7. Nc3 0-0 8. Re1 Re8 9. Bf4 Bd7 10. h3 a6 11. a4 Na5 12. Ba2 c5 13. Nf3 Bc6 14. e5 dxe5 15. Nxe5 c4 16. Bxc4 Nxc4 17. Nxc4 Qc8 18. Nb6 Qf5 19. Nxa8 Qxf4 20. a5 Rd8 21. Qc1 Qb4 22. Nb6 Bc5 23. Rd1 Re8 24. Ncd5 Nxd5 25. Nxd5 Qe4 26. Qg5 Kh8 27. Nc3 Qxc2 28. Qxc5 Qxb2 29. Re1 1-0

[Event "Emerald City op"]
[Site "Chess.com INT"]
[Date "2020.06.20"]
[Round "?"]
[White "Tien, Sophie"]
[Black "Talukdar, Rohan Shyam"]
[Result "0-1"]
[WhiteElo "1916"]
[BlackElo "2402"]
[PlyCount "114"]
[EventDate "2020.06.20"]
[EventType "swiss"]
[EventRounds "5"]
[EventCountry "USA"]
[SourceTitle "EXT 2023"]
[Source "ChessBase"]
[SourceDate "2022.10.05"]
[SourceVersion "1"]
[SourceVersionDate "2022.10.05"]
[SourceQuality "1"]

1. e4 c5 2. Nf3 d6 3. Bb5+ Nd7 4. c3 Ngf6 5. Qe2 a6 6. Ba4 e5 7. 0-0 Be7 8. d4 b5 9. Bc2 0-0 10. h3 Qc7 11. Re1 Re8 12. Bd3 Bf8 13. Nbd2 exd4 14. cxd4 cxd4 15. Nxd4 d5 16. Qf1 Nc5 17. e5 Rxe5 18. Rxe5 Qxe5 19. N2f3 Qd6 20. Be3 Nxd3 21. Qxd3 Ne4 22. Rc1 Bb7 23. a3 Rc8 24. Rxc8 Bxc8 25. b4 Qc7 26. Kf1 Qc4 27. Ne5 Qxd3+ 28. Nxd3 Nd6 29. Ne1 Nc4 30. Bc1 Be7 31. Ke2 Bf6 32. Kd3 Kf8 33. Nef3 Ke7 34. Ne1 Kd6 35. f4 Bh4 36. Nef3 Bg3 37. Ng5 f6 38. Ngf3 g6 39. Ke2 h6 40. Kd3 Bd7 41. Ng1 g5 42. fxg5 fxg5 43. Nge2 Bf2 44. g4 Ne5+ 45. Kc3 Nxg4 46. hxg4 Bxg4 47. Kd3 Ke5 48. Nc2 Bf5+ 49. Kc3 Bxc2 50. Kxc2 Kf5 51. Kd3 h5 52. Be3 Bxe3 53. Kxe3 h4 54. Kf3 g4+ 55. Ke3 Ke5 56. Nd4 h3 57. Ne2 d4+ 0-1

[Event "Clark Harmon Memorial"]
[Site "Chess.com INT"]
[Date "2020.04.04"]
[Round "?"]
[White "Razmov, Valentin"]
[Black "Tien, Sophie"]
[Result "0-1"]
[WhiteElo "1986"]
[BlackElo "1890"]
[PlyCount "102"]
[EventDate "2020.04.04"]
[EventType "swiss"]
[EventRounds "6"]
[EventCountry "USA"]
[SourceTitle "EXT 2024"]
[Source "ChessBase"]
[SourceDate "2023.10.10"]
[SourceVersion "1"]
[SourceVersionDate "2023.10.10"]
[SourceQuality "1"]

1. d4 d5 2. c4 e6 3. Nc3 Nf6 4. cxd5 exd5 5. Bg5 Be7 6. e3 Nbd7 7. Qc2 c6 8. Bd3 0-0 9. Nge2 Re8 10. 0-0 Nf8 11. Rad1 Ne6 12. Bxf6 Bxf6 13. Bxh7+ Kh8 14. Bf5 Ng5 15. Ng3 Bxf5 16. Qxf5 g6 17. Qg4 Qe7 18. h4 Nh7 19. h5 Rg8 20. Qe2 Qe6 21. f4 Rae8 22. Rf3 Qg4 23. hxg6 Rxg6 24. Nf1 Reg8 25. Rg3 Qf5 26. Rxg6 Rxg6 27. Nh2 Be7 28. Rf1 Nf6 29. Qf3 Ne4 30. Nxe4 dxe4 31. Qe2 Rg3 32. Rc1 Kg8 33. Nf1 Rg6 34. g3 Kf8 35. Qh2 Ke8 36. Qh8+ Kd7 37. Qb8 Qb5 38. Rc3 Qa6 39. Rb3 b6 40. a3 Bd6 41. Qh8 Qa4 42. Rc3 Qd1 43. Qh3+ Kc7 44. Qg2 Be7 45. Rc2 Bh4 46. Kh2 Bxg3+ 47. Nxg3 Rh6+ 48. Nh5 Qxh5+ 49. Kg3 Rg6+ 50. Kf2 Rxg2+ 51. Kxg2 Qf3+ 0-1

[Event "Wch U14 Girls"]
[Site "Porto Carras"]
[Date "2018.10.27"]
[Round "8"]
[White "Dhyana, Patel"]
[Black "Tien, Sophie"]
[Result "1-0"]
[WhiteElo "2002"]
[BlackElo "1648"]
[PlyCount "115"]
[EventDate "2018.10.20"]
[EventType "swiss"]
[EventRounds "11"]
[EventCountry "GRE"]
[SourceTitle "CBM 187 Extra"]
[Source "ChessBase"]
[SourceDate "2018.11.04"]
[SourceVersion "1"]
[SourceVersionDate "2018.11.04"]
[SourceQuality "1"]

1. e4 e5 2. Nf3 Nc6 3. Bb5 a6 4. Bxc6 dxc6 5. 0-0 Bg4 6. h3 h5 7. d3 Qf6 8. Be3 Ne7 9. Nbd2 Bxf3 10. Qxf3 Qe6 11. Nb3 Ng6 12. d4 0-0-0 13. Rfd1 Be7 14. dxe5 Nxe5 15. Rxd8+ Bxd8 16. Qe2 Be7 17. Nd4 Qc4 18. Kf1 Qxe2+ 19. Kxe2 Nc4 20. Rb1 Nxe3 21. Kxe3 Bf6 22. Nf3 Re8 23. c3 c5 24. Rd1 c6 25. Kf4 b5 26. e5 Be7 27. Rd3 c4 28. Rd2 c5 29. Ke4 Kc7 30. Ne1 g6 31. f4 f5+ 32. Kf3 h4 33. Nc2 Rd8 34. Rxd8 Bxd8 35. Ne3 Kd7 36. g4 hxg3 37. Kxg3 Ke6 38. h4 a5 39. a4 b4 40. Nxc4 bxc3 41. bxc3 Kf7 42. Nd6+ Ke6 43. c4 Be7 44. Nb7 Kd7 45. Nxa5 Kc7 46. Nb3 Kb6 47. a5+ Kb7 48. Nc1 Ka6 49. Ne2 Kxa5 50. Nc3 Ka6 51. Nd5 Bd8 52. e6 Ka5 53. e7 Bxe7 54. Nxe7 Kb4 55. Nxg6 Kxc4 56. h5 Kd3 57. h6 c4 58. Ne5+ 1-0

[Event "Wch U14 Girls"]
[Site "Porto Carras"]
[Date "2018.10.20"]
[Round "1"]
[White "Tien, Sophie"]
[Black "Kamalidenova, Meruert"]
[Result "0-1"]
[WhiteElo "1648"]
[BlackElo "1999"]
[PlyCount "142"]
[EventDate "2018.10.20"]
[EventType "swiss"]
[EventRounds "11"]
[EventCountry "GRE"]
[SourceTitle "CBM 187 Extra"]
[Source "ChessBase"]
[SourceDate "2018.11.04"]
[SourceVersion "1"]
[SourceVersionDate "2018.11.04"]
[SourceQuality "1"]

1. e4 c5 2. Nf3 d6 3. Bb5+ Nd7 4. c3 Ngf6 5. Qe2 a6 6. Ba4 g6 7. 0-0 Bg7 8. d4 b5 9. Bc2 Nb6 10. Nbd2 0-0 11. Re1 Qc7 12. Nf1 Bb7 13. Ng3 Rac8 14. Bd3 Nfd7 15. Bd2 Nb8 16. Rac1 Rfd8 17. b3 Nc6 18. d5 Nb8 19. c4 b4 20. Rc2 N8d7 21. Bc1 Rf8 22. Bb2 Bxb2 23. Rxb2 e6 24. Qd2 e5 25. Qh6 f6 26. h4 Rf7 27. h5 Nf8 28. Kf1 Rd8 29. Ke2 Bc8 30. Qe3 a5 31. Rbb1 a4 32. Rh1 Bd7 33. hxg6 hxg6 34. Rh6 axb3 35. axb3 Qa7 36. Rbh1 Rg7 37. Nd2 Ra8 38. f4 Bg4+ 39. Kf2 Qa2 40. fxe5 dxe5 41. R6h4 Bd7 42. Rc1 Qb2 43. Ne2 Qa2 44. Rhh1 Rh7 45. Rxh7 Nxh7 46. Qh6 Nf8 47. Bb1 Qa3 48. Rc2 Qa7 49. Ra2 Qb7 50. Rxa8 Qxa8 51. Qe3 Qa5 52. Qf3 Kg7 53. Nf1 Nh7 54. Qd3 Ng5 55. Ne3 Nc8 56. Ng3 Nd6 57. Nef1 Qa1 58. Nd2 Qb2 59. Kg1 Qc1+ 60. Kh2 Ndf7 61. Qc2 Qe1 62. Qd3 Nh6 63. Ndf1 Ng4+ 64. Kg1 Qf2+ 65. Kh1 Qb2 66. Qc2 Qd4 67. Qd2 Qa1 68. Qc2 Bc8 69. Ne2 Nxe4 70. Kg1 Bf5 71. Qd1 Nef2 0-1